1982 1769 1425 1564 1566 1473 1194 1944 1546 1759 1265 1626 1630 1888 1695 1689 1882 1342 1216 1035 1363 1806 1579 1600 1125 1415 1844 1687 1852 1004 1526 1223 1150 1714 1473 1147 1257 1394 1702 1962 1353 1217 1418 1671 1479 1817 1368 1411 1607 1884 1875 1916 1985 1968 1304 1514 1305 1854 1635 1993 1199 1118 1850 1084 1655 1535 2000 1660 1761 1671 1557 1722 1917 1586 1099 1665 1388 1865 1313 1694 1919 1496 1680 1903 1785 1505 1759 1204 1802 1227 1370 1199 1676 1996 1013 1956 1920 1850 1608 BCNSPRNW ULIB Ver.6.0+V

เปลี่ยนเป็นภาษาไทย

Change to English
 แสดงรายละเอียดบรรณานุกรม
  กลับหน้าหลัก

Brief Record : Get Marc (ISO 2709) : E-mail record : QR code < ปิดหน้าต่าง
LEADER : 00000nam 2200000uu 4500
001    13399113874
003     ULIB
008    120110s||||||||th 000 0 tha d
099    วจ.HD57.7^bส143ก
100 0  ส่งศรี กิตติรักษ์ตระกูล
245 00 การพัฒนาหลักสูตรฝึกอบรมผู้นำสถานศึกษาสังกัดกระทรวงสาธารณสุข/^cส่งศรี กิตติรักษ์ตระกูล,แสงโฉม ถนอมสิงห์ และ พัชรี ดำรงสุนทรชัย
260    นนทบุรี :^bวิทยาลัยนักบริหารสาธารณสุข,^c2554
300    195 หน้า :^bตาราง
500    รายงานการวิจัย
650  7 ผู้นำ^xการฝึกอบรม^xวิจัย
650  7 หลักสูตรฝึกอบรมผู้นำสถานศึกษา^xวิจัย
700 02 แสงโฉม ถนอมสิงห์
700 02 พัชรี ดำรงสุนทรชัย
710 2  สถาบันพระบรมราชชนก
710 2  วิทยาลัยนักบริหารสาธารณสุข
945    ^p0^l0^i030934
995    ทศพร
999 ^a ทศพร
รายการนี้ยังไม่มีแท็ก
คุณยังไม่ได้ล็อกอิน คุณสามารถมีกิจกรรมร่วมกับเว็บไซต์ได้ แต่ต้องล็อกอินก่อน ::
  ล็อกอิน

รายการสื่อสารสนเทศ

ลำดับที่ ประเภท เลขเรียก/บาร์โค้ด สถานที่ สถานะ
1. งานวิจัย
งานวิจัย
วจ.HD57.7 ส143ก ฉ.1 
  Barcode: 030934
ห้องสมุดวิทยาเขตสวรรค์ประชารักษ์
►วิจัย
บนชั้น

รายการใกล้เคียง
    ผู้แต่ง [ส่งศรี กิตติรักษ์ตระกูล]

BibComment


ยังไม่เคยถูกคอมเมนท์

คอมเมนท์ทรัพยากรรายการนี้
  คอมเมนท์: การพัฒนาหลักสูตรฝ..


 Copyright 2026. Bcnsprnw @Library